Name a Valid State for Each Animal - Statistics

General Stats
  • This quiz has been taken 48 times
  • The average score is 14 of 15
Answer Stats
Hint Scientific Name Answer States % Correct
Moose Alces alces
100%
American Alligators Alligator mississippiensis
100%
American Eels Anguilla rostrata
100%
Gray Wolves Canis lupus
100%
Grizzly Bears Ursus arctos horribilis
100%
Pronghorns Antilocapra americana
98%
Elephant Seals Mirounga
98%
Prairie Dogs Cynomys
98%
Grey Seals Halichoerus grypus
95%
Hawksbill Sea Turtles Eretmochelys imbricata
93%
Gila Monsters Heloderma suspectum
89%
Fishers Pekania pennanti
82%
Green Anoles Anolis carolinensis
77%
Hellbenders Cryptobranchus allaganiensis
70%
Ocelots Leopardis pardalis
68%
No matching quizzes found
Score Distribution
Percent of People with Each Score
Percentile by Number Answered
Your Score History
You have not taken this quiz